12 Eylül'de Türkeş (Kayıt no. 9553)

MARC ayrıntıları
000 -BAŞLIK
Sabit Uzunlukta Kontrol Alanı 00859na a2200265 4500
001 - KONTROL NUMARASI
Denetim Alanı 15623
003 - KONTROL NUMARASI IDENTIFIER
Denetim Alanı MIRAKIL
005 - SON İŞLEM TARİHİ VE ZAMANI
Denetim Alanı 20181213155251.0
008 - SABİT-BOY VERİ ELEMANLARI - GENEL BİLGİLER
Sabit Uzunlukta Kontrol Alanı 160918b tu 000 0
020 ## - ULUSLARARASI STANDART KİTAP NUMARASI
Uluslararası Standart Kitap Numarası 9759514826
035 ## - SİSTEM KONTROL NUMARASI
Sistem Kontrol Numarası 15623
040 ## - KATALOGLAMA KAYNAK
Orijinal Kataloglama Ajansı Milas
Kataloglama Dili tur
Metne Dönüştürmek Ajansı TR-AnCHP
082 ## - DEWEY ONLU SINIFLANDIRMA NUMARASI
Sınıflandırma Numarası 324.2183
Ürün Numarası K26b
090 ## - SINIFLAMA NUMARASI
Sınıflama Numarası 324.2183 K26b 1995
100 ## - ANA GİRİŞ - KİŞİSEL İSİM
Kişisel Ad Kaptanoğlu, Selim
Bir Adıyla İlişkilendirilen Tarihler 1949 -
245 ## - BAŞLIK TABLOSU
Başlık 12 Eylül'de Türkeş
Başlığın Kalan Doktoru Selim Kaptanoğlu anlatıyor
Sorumluluk Tablosu, Vb Selim Kaptanoğlu, hazırlayan ; İrfan Ülkü
246 ## - UNVAN FORM VARYING
Başlık Doğru / Kısa Başlığı Doktoru Selim Kaptanoğlu anlatıyor
260 ## - YAYIN, DAĞITIM, VB
Yayın, Dağıtım, Vb Yeri İstanbul
Yayıncı, Dağıtıcı, Vs Adı Kamer yayınları
Yayın, Dağıtım, Vb Tarihi 1995
300 ## - FİZİKSEL TANIM
Kapsam 111 s.
Boyutlar 21 sm.
600 ## - KONU KATMA GİRİŞ - KURUMSAL ADI
Kişisel Ad Türkeş, Alparslan
Bir Adıyla İlişkilendirilen Tarihler 1917 - 1997
Genel Alt Bölümü Anılar
650 ## - KONU KATMA GİRİŞ - TOPİKAL DÖNEM
Topikal Süreli Veya Coğrafi Ad Giriş Elemanı Siyasi ideolojiler
Genel Alt Bölümü Ulusalcılık
Coğrafi Alt Bölümü Türkiye
650 ## - KONU KATMA GİRİŞ - TOPİKAL DÖNEM
Topikal Süreli Veya Coğrafi Ad Giriş Elemanı Askeri darbeler
Genel Alt Bölümü 12 Eylül 1980
Coğrafi Alt Bölümü Türkiye
700 ## - KATMA GİRİŞ - KİŞİSEL İSİM
Kişisel Ad Ülkü, İrfan
942 ## - EKLENDİ GİRİŞ ELEMANLARI (KOHA)
Sınıflandırma Veya Raf Düzeni Kaynak
Koha Öğesi Türü Kitaplar
999 ## - SİSTEM KONTROL NUMARALARI (KOHA)
Koha Biblionumber 9553
Koha Biblioitemnumber 9553
Mevcut
Kalıcı Konum Mevcut Konum Edinme Tarihi Edinim Kaynak Toplam Check-Out'Lar Tam Çağrı Numarası Barkod Tarih Son Görülme İtibaren Geçerli Fiyatlar Koha Öğesi Türü
CHP Kütüphanesi CHP Kütüphanesi 09/18/2016 Bağış   324.2183 K26b 1995 005561 09/18/2016 09/18/2016 Kitaplar
CHP Kütüphanesi CHP Kütüphanesi 12/20/2022     324.2183 K26b 2017 020680 12/20/2022 12/20/2022 Kitaplar